Transformational syntax : a student's guide to Chomsky's extended standard theory /

Bibliographic Details
Main Author: Radford, Andrew
Format: Book
Language:English
Published: Cambridge ; New York : Cambridge University Press, 1981.
Series:Cambridge textbooks in linguistics.
Subjects:

MARC

Tag First Indicator Second Indicator Subfields
LEADER 00000cam a22000008a 4500
001 in00000080172
005 20151008060846.0
008 810522s1981 enka b 00110 eng
010 |a  81010025  
020 |a 0521242746 
020 |a 0521285747 (pbk.) 
035 |a (OCoLC)07578003 
035 |9 AAJ6745AM 
039 0 |a 2  |b 3  |c 3  |d 3  |e 3 
040 |a DLC  |c DLC  |d TXA  |d UtOrBLW 
049 |a TXAM  |c [933316] 
050 0 0 |a P158  |b .R3 
082 0 |a 415  |2 19 
100 1 |a Radford, Andrew. 
245 1 0 |a Transformational syntax :  |b a student's guide to Chomsky's extended standard theory /  |c Andrew Radford. 
263 |a 8111 
264 1 |a Cambridge ;  |a New York :  |b Cambridge University Press,  |c 1981. 
300 |a ix, 402 pages :  |b illustrations ;  |c 24 cm. 
336 |a text  |b txt  |2 rdacontent 
337 |a unmediated  |b n  |2 rdamedia 
338 |a volume  |b nc  |2 rdacarrier 
490 1 |a Cambridge textbooks in linguistics 
500 |a Includes index. 
504 |a Bibliography: pages 397-399. 
600 1 0 |a Chomsky, Noam. 
650 0 |a Generative grammar. 
830 0 |a Cambridge textbooks in linguistics. 
999 |a MARS 
999 f f |s 494eb3ef-c182-349c-8235-a8734c4ac9ea  |i 7c0a9928-182e-359b-a21c-a90cbf2527b3  |t 0 
952 f f |p ric  |a Texas A&M University  |b Rellis Campus  |c Joint Library Facility  |s JLF  |d Remote Storage  |t 0  |e P158 .R3  |h Library of Congress classification  |i unmediated -- volume  |m A14806172292 
998 f f |a P158 .R3  |t 0  |l Remote Storage